Music Quiz

Random Music or Missing Word Quiz

Music Missing Questions Quiz Stats

Quiz Updated Dec 8, 2017

Challenge
Share
Tweet
Embed
Score 0/60 Timer 03:00
0 Plays Today
% Correct
How
85.1%
When
85.1%
What
84.9%
Where
84.9%
When
84.7%
Who
84.6%
What
84.5%
Why
84.4%
Who
84.3%
What
84.3%
What
84.2%
When
84.1%
Who
84%
When
83.7%
What
83.7%
How
83.6%
Who
83.5%
Where
83.5%
How
83.4%
Who
83.1%
When
82.9%
When
82.9%
When
82.6%
Where
82.3%
Why
82.3%
Why
81.4%
What
81.3%
How
81.3%
What
81.3%
When
81.3%
% Correct
Where
81.2%
When
80.2%
Why
80%
How
80%
Why
78.9%
Who
78.7%
Where
78.7%
How
78.6%
Who
78.1%
Who
77.8%
Where
76.9%
What
75.7%
Why
75.7%
Why
75.3%
Why
74.6%
What
73.3%
How
72.5%
Where
71.3%
Where
70.8%
Why
70.7%
Where
67.4%
How
55.9%
Who
53.6%
Who
52.1%
Where
52.1%
What
47.7%
How
45.4%
Why
41.9%
How
32.4%
When
26.5%

You're not logged in!

Compare scores with friends on all Sporcle quizzes.
Sign Up with Email
OR
Log In

You Might Also Like...

Show Comments

Extras

Top Quizzes Today


Score Distribution

Your Account Isn't Verified!

In order to create a playlist on Sporcle, you need to verify the email address you used during registration. Go to your Sporcle Settings to finish the process.